00765nam a22002417a 4500010006300000020002700063035001900090035001400109037001600123037000900139082001400148100001600162245006700178250000600245260003300251270010100284300002000385500004800405700001400453700002300467700001700490700001600507 aB-768756-766 ENG-147192 BACEN25 a9789363895065c1095.00 aB-768756-766  aEN-130724 bKunal Books bDBAD a300.7221 aC. B. Singh aSocial Science & Sustainable Future/cBy C. B. Singh...[et.al] a1 aNew DelhibKunal Booksc2024 a4648/21, 1st Floor, Ansari Road, Daryaganj,bNew Delhie110002k9811043697mkunalbooks@gmail.com a222p.b24cm(hb) aInsights & Perspectives For 2023 and Beyond aS.N Singh aAnkita Jasmin Lall aMohd Furqan  aShikha Soni